000 00345nam a2200157Ia 4500
008 230711s9999||||xx |||||||||||||| ||und||
041 _aENG
082 _a720
_bRE-I
100 _aReid,Aileen
245 0 _aI.M Pei
250 _a1st Ed.
260 _c1995
_aNew Delhi
_bGrange Book Ltd
300 _a112
650 _aArchitecture
942 _cBK
999 _c4651
_d4651